00779nam a2200193 a 450000100100000000500170001000800410002702000180006804000250008608200080011110000390011924501390015826000540029730000280035149000370037983000440041695201080046099900170056800004024620201002034016.0130820s2009 sp a 000 0 spa d a9788489457409 aDO-SdBNPbspacBNPHU axxx1 aViñuela Suárez, Eduardo96651613aEl videoclip en España ( 1980-1995) :bGesto audiovisual, discurso y mercado /cEduardo Viñuela Suárez ; prólogo Celsa Alonso. aMadrid, España :bEdiciones del ICCMU,c[2009]. a214 p. :bil. ;c24 cm.1 aMúsica hispana.Textos estudios 0aMúsica hispana.Textos estudios966517 001050718MOaGRbGRcCTd2013-08-20iLF1l0oxxx p40246-10r2020-06-25w2020-06-25y1ZNo se presta c39736d39736